| 000 | 01175nam0a22002651 4500 | ||
|---|---|---|---|
| 001 | rc\4553029 | ||
| 005 | 20250611193529.0 | ||
| 035 | _a(NLR Aleph) 008365222 | ||
| 090 |
_a9023506 _c9023506 |
||
| 100 | _a20130416d1960 |||y0rusy50 ca | ||
| 101 | 0 | _arus | |
| 102 | _aRU | ||
| 105 | _aa z ||||| | ||
| 200 | 1 | _aИсследование системы автоматического управления продольным движением самолета при большом увеличении коэффициентов усиления | |
| 210 |
_aРига _cБ. и. _d1960 |
||
| 215 |
_a53 с. _cчерт. _d23 |
||
| 225 | 1 |
_aТруды Рижского Краснознаменного высшего инженерно-авиационного военного училища им. Ленинского комсомола _vВып. 96 |
|
| 300 | _aПеред загл. авт.: Я.З. Лекарев, канд. техн. наук | ||
| 320 | _aБиблиогр.: с. 52 | ||
| 700 | 1 |
_aЛекарев _bЯ.З. _gЯков Зиновьевич |
|
| 801 | 0 |
_aRU _bNLR _gpsbo |
|
| 801 | 1 |
_aRU _bELAR _2rusmarc |
|
| 852 |
_aNLR _jП10/1731 |
||
| 942 | _cBOOK | ||
| 980 | _aNB | ||